La concubina /

Guardado en:
Bibliografiske detaljer
Hovedforfatter: West, Morris (autor)
Andre forfattere: Vega, Carlos (traducción) (traducción)
Format: Bog
Sprog:spansk
Udgivet: Barcelona, España : Pomaire, 1972, c1964
Serier:(Morris West ; 8)
Fag:
Tags: Tilføj Tag
Ingen Tags, Vær først til at tagge denne postø!

MARC

LEADER 00000nam^a2200000^a^4500
001 000419829
005 20250526000000.0
009 20260310122454.832
037 |a Acervo ITESO - Biblioteca 
041 |a ESP 
082 |a 823.  |b WES 
100 |a West, Morris  |e (autor) 
240 1 4 |a [La concubina] 
245 1 3 |a La concubina /  |c M. West ; tr. por C. Vega. 
264 4 |a Barcelona, España :  |b Pomaire,  |c 1972, c1964 
300 |a 241 p. ;  |c 17.0 cm. 
336 |a texto  |b txt  |2 rdacontenido 
337 |a sin mediación  |b n  |2 rdamedio 
338 |a volumen  |b nc  |2 rdasoporte 
440 1 |a (Morris West ;  |v 8) 
500 |a Traducción de: The Concubine 
649 |a XX 
650 |a Novela Australiana 
650 |a Literatura Australiana -  |y Siglo XX 
700 |a Vega, Carlos  |e (traducción) 
910 |a Fondo Alfonso de Alba Martín 
920 |a Impresos - Libros 
930 |a Libros Antiguos y Raros 
940 |a Literatura 
905 |a 125 
901 |a 0500329648  |b IT2  |c LRA  |i D99328  |u 20250526 
902 |a https://opac.biblio.iteso.mx/vufind/Record/000419829